| 000 | 00904cad a22002055a 4500 | ||
|---|---|---|---|
| 001 | L157067 | ||
| 008 | 120828e20120823xxk 000 0 eng d | ||
| 035 | _a(Sirsi) u157067 | ||
| 041 | 0 | _aeng | |
| 110 | 2 |
_aValuation Office Agency _93141 |
|
| 245 | 0 | 0 |
_aPrivate rental market statistics _bEngland only[electronic resource] |
| 260 | _c2012 | ||
| 490 |
_aPrivate Rental Market Statistics _v23 August 2012 |
||
| 520 | _aPresents the mean (average), median, lower quartile, and upper quartile gross monthly rent paid for a number of bedroom/room categories for each Local Authority in England for the 12 months to the end of June 2012. | ||
| 590 | _aKA | ||
| 651 | 4 | _aEngland | |
| 690 |
_aResidential property _96266 |
||
| 856 | 4 | 0 |
_uhttps://www.voa.gov.uk/corporate/statisticalReleases/120823_PrivateResidentialRentalMarketStatistics.html _zView this item free of charge at www.voa.gov.uk |
| 942 | _n0 | ||
| 999 |
_c84253 _d84253 |
||